000 00220nam a2200085Ia 4500
008 211105s9999 xx 000 0 und d
020 _a9781444712322"
100 _aTHOR, Brad ** London, 2010
_9125866
245 4 _aThe apostle
999 _c596014
_d596013